000 00702nam a22002411c 4500
001 ht014053748
008 080508s2004 gw a||| 000u ger d
020 _a3825860302
_93-8258-6030-2
041 _ager
245 0 0 _aMilitär und Religiosität in der frühen Neuzeit /
_cMichael Kaiser ... (Hg.)
264 _aMünster :
_bLit,
_c2004
300 _a351 S. : Ill
650 0 _aKonfession
650 0 _aReformation
650 0 _aReligion
650 0 _aKatholische Kirche
655 0 _aAufsatzsammlung
700 1 _aKaiser, Michael [Hrsg.]
_eHerausgeberIn
942 _cMG
040 _cRU-10907106
003 RU-10907106
999 _c15208
_d15208
490 0 _aHerrschaft und soziale Systeme in der frühen Neuzeit
_v4